<?xml version="1.0" encoding="UTF-8"?>
<record
    xmlns:xsi="http://www.w3.org/2001/XMLSchema-instance"
    xsi:schemaLocation="http://www.loc.gov/MARC21/slim http://www.loc.gov/standards/marcxml/schema/MARC21slim.xsd"
    xmlns="http://www.loc.gov/MARC21/slim">

  <leader>01648nam a2200193 a 4500</leader>
  <controlfield tag="001">000021066</controlfield>
  <controlfield tag="005">20200930011228.0</controlfield>
  <controlfield tag="008">100830s2012    sp ad         001 0 spa d</controlfield>
  <datafield tag="040" ind1=" " ind2=" ">
    <subfield code="a">DO-SdBNP</subfield>
    <subfield code="b">spa</subfield>
    <subfield code="c">BNPHU</subfield>
  </datafield>
  <datafield tag="082" ind1=" " ind2=" ">
    <subfield code="a">xxxx</subfield>
    <subfield code="b">M294</subfield>
  </datafield>
  <datafield tag="240" ind1="1" ind2="3">
    <subfield code="a">The Merck manual home health handbook</subfield>
    <subfield code="l">espa&#xF1;ol</subfield>
  </datafield>
  <datafield tag="245" ind1="1" ind2="0">
    <subfield code="a">Manual merck de informaci&#xF3;n m&#xE9;dica general /</subfield>
    <subfield code="c">director editorial Robert S. Porter ; director editorial adjunto Justin L. Kaplan.</subfield>
  </datafield>
  <datafield tag="260" ind1=" " ind2=" ">
    <subfield code="a">Espa&#xF1;a :</subfield>
    <subfield code="b">Oceano,</subfield>
    <subfield code="c">2012.</subfield>
  </datafield>
  <datafield tag="300" ind1=" " ind2=" ">
    <subfield code="a">v.3 :</subfield>
    <subfield code="b">il., diagr. +</subfield>
    <subfield code="e">cd-rom</subfield>
    <subfield code="c">26 cm.</subfield>
  </datafield>
  <datafield tag="505" ind1="2" ind2=" ">
    <subfield code="g">Volumen 1 :</subfield>
    <subfield code="t">Fundamentos --</subfield>
    <subfield code="t">F&#xE1;rmacos --</subfield>
    <subfield code="t">Trastornos digestivos --</subfield>
    <subfield code="t">Trastornos del h&#xED;gado y de la ves&#xED;cula biliar --</subfield>
    <subfield code="t">Trastornos de los ri&#xF1;ones y de la v&#xED;as urinarias --</subfield>
    <subfield code="t">Enfermedades cardiovasculares --</subfield>
    <subfield code="t">Trastornos de los pulmones y de las v&#xED;as respiratorias --</subfield>
    <subfield code="t">Trastornos de los huesos, las articulaciones y los m&#xFA;sculos --</subfield>
    <subfield code="t">Trastornos del enc&#xE9;falo, la medula espinal y el sistema nervioso --</subfield>
    <subfield code="g">Volumen 2:</subfield>
    <subfield code="t">Trastornos de la salud mental --</subfield>
    <subfield code="t">Trastornos de la nutrici&#xF3;n y el metabolismo --</subfield>
    <subfield code="t">Trastornos hormonales --</subfield>
    <subfield code="t">Trastornos de la sangre --</subfield>
    <subfield code="t">C&#xE1;ncer --</subfield>
    <subfield code="t">Trastornos del sistema inmunitario --</subfield>
    <subfield code="t">Infecciones --</subfield>
    <subfield code="t">Enfermedades de la piel --</subfield>
    <subfield code="t">Trastornos de la boca y los dientes --</subfield>
    <subfield code="t">Trastornos de garganta, nariz y o&#xED;do --</subfield>
    <subfield code="t">Trastornos oculares --</subfield>
    <subfield code="t">Problemas de salud en el hombre --</subfield>
    <subfield code="g">Volumen 3 :</subfield>
    <subfield code="t">Problemas de salud en la mujer --</subfield>
    <subfield code="t">Problemas de salud en la infancia --</subfield>
    <subfield code="t">Trastornos en las personas de edad --</subfield>
    <subfield code="t">Lesiones e intoxicaciones --</subfield>
    <subfield code="t">Temas espaciales --</subfield>
    <subfield code="g">Ap&#xE9;ndices --</subfield>
    <subfield code="g">&#xCD;ndice</subfield>
  </datafield>
  <datafield tag="700" ind1="1" ind2=" ">
    <subfield code="a">Porter, Robert S.</subfield>
    <subfield code="e">ed.</subfield>
    <subfield code="9">44055</subfield>
  </datafield>
  <datafield tag="700" ind1="1" ind2=" ">
    <subfield code="a">Kaplan, Justin L.</subfield>
    <subfield code="e">ed.</subfield>
    <subfield code="9">44056</subfield>
  </datafield>
  <datafield tag="049" ind1=" " ind2=" ">
    <subfield code="a">BNPD</subfield>
  </datafield>
  <datafield tag="952" ind1=" " ind2=" ">
    <subfield code="0">0</subfield>
    <subfield code="1">0</subfield>
    <subfield code="5">0</subfield>
    <subfield code="7">1</subfield>
    <subfield code="8">MO</subfield>
    <subfield code="a">GR</subfield>
    <subfield code="b">GR</subfield>
    <subfield code="c">CT</subfield>
    <subfield code="d">2010-08-30</subfield>
    <subfield code="i">LF1</subfield>
    <subfield code="l">0</subfield>
    <subfield code="o">v.1</subfield>
    <subfield code="p">21066-10</subfield>
    <subfield code="r">2020-06-25</subfield>
    <subfield code="w">2020-06-25</subfield>
    <subfield code="y">1</subfield>
    <subfield code="Z">No se presta</subfield>
  </datafield>
  <datafield tag="952" ind1=" " ind2=" ">
    <subfield code="0">0</subfield>
    <subfield code="1">0</subfield>
    <subfield code="5">0</subfield>
    <subfield code="7">1</subfield>
    <subfield code="8">MO</subfield>
    <subfield code="a">GR</subfield>
    <subfield code="b">GR</subfield>
    <subfield code="c">CT</subfield>
    <subfield code="d">2011-03-24</subfield>
    <subfield code="i">LF1</subfield>
    <subfield code="l">0</subfield>
    <subfield code="o">v.2</subfield>
    <subfield code="p">21066-20</subfield>
    <subfield code="r">2020-06-25</subfield>
    <subfield code="w">2020-06-25</subfield>
    <subfield code="y">1</subfield>
    <subfield code="Z">No se presta</subfield>
  </datafield>
  <datafield tag="952" ind1=" " ind2=" ">
    <subfield code="0">0</subfield>
    <subfield code="1">0</subfield>
    <subfield code="5">4</subfield>
    <subfield code="7">0</subfield>
    <subfield code="8">MO</subfield>
    <subfield code="a">GR</subfield>
    <subfield code="b">GR</subfield>
    <subfield code="c">CT</subfield>
    <subfield code="d">2011-03-24</subfield>
    <subfield code="i">LF1</subfield>
    <subfield code="l">0</subfield>
    <subfield code="o">v. 3</subfield>
    <subfield code="p">21066-30</subfield>
    <subfield code="r">2020-06-25</subfield>
    <subfield code="w">2020-06-25</subfield>
    <subfield code="y">4</subfield>
    <subfield code="Z">Pr&#xE9;stamo en sala</subfield>
  </datafield>
  <datafield tag="952" ind1=" " ind2=" ">
    <subfield code="0">0</subfield>
    <subfield code="1">0</subfield>
    <subfield code="5">0</subfield>
    <subfield code="7">-1</subfield>
    <subfield code="8">MO</subfield>
    <subfield code="a">PD</subfield>
    <subfield code="b">PD</subfield>
    <subfield code="c">OI</subfield>
    <subfield code="d">2010-08-30</subfield>
    <subfield code="i">LF1</subfield>
    <subfield code="l">0</subfield>
    <subfield code="o">xxxx M294</subfield>
    <subfield code="p">21067-10</subfield>
    <subfield code="r">2020-06-25</subfield>
    <subfield code="w">2020-06-25</subfield>
    <subfield code="y">1</subfield>
    <subfield code="Z">No se presta</subfield>
  </datafield>
  <datafield tag="999" ind1=" " ind2=" ">
    <subfield code="c">20569</subfield>
    <subfield code="d">20569</subfield>
  </datafield>
</record>
